000 00634cam a22002293a 4500
001 5138
003 PGUSA
005 20140828083114.0
008 040201s2004||||xxu|||||s|||||000 1 eng d
040 _aPGUSA
_beng
042 _adc
050 4 _aPQ
100 1 _aVoltaire,
_d1694-1778
245 1 0 _aLe Monde Comme Il Va, Vision De Babouc
_h[electronic resource] /
_cVoltaire
260 _bProject Gutenberg,
_c2004
506 _aPublic domain in the USA.
516 _aElectronic text
653 _aGood and evil -- Fiction
830 0 _aProject Gutenberg
_v5138
856 4 0 _uhttp://www.gutenberg.org/ebooks/5138
942 _cEB
999 _c234467
_d234467